000 00681nam a2200277Ia 4500
001 8063
005 20240113234048.0
007 ta
008 050715s1989 a g b000 u eng u
020 _a0-02-946201-0
040 _aCotton College Assam
041 _aeng
082 _a581.4
_bFa 143 Pl
100 _aFahn, A. .
245 0 _aPlant Anatomy /
_cA. Fahn.
_hTextual Documents
250 _a3rd ed /
260 _aLondon :
_bPergamon Press ,
_c1989.
300 _a544p. :
_bill ;
_c24cm. .
504 _aIndex
653 _aBotany
653 _aPlant Anatomy
653 _aAnatomy, Plant
942 _2ddc
_cBK
999 _c8050
_d8050